Complex Variables and Applications: (Record no. 183396)

MARC details
000 -LEADER
fixed length control field 00681 a2200205 4500
005 - DATE AND TIME OF LATEST TRANSACTION
control field 20211229142248.0
010 ## - LCCN (DPL NO)
LC control number ENG-130586
020 ## - INTERNATIONAL STANDARD BOOK NUMBER
International Standard Book Number 978-934-5460-036-4
Terms of availability 725.00
035 ## - SYSTEM CONTROL NUMBER
System control number EN-114118
037 ## - SOURCE OF ACQUISITION
Source of stock number/acquisition DBAD/PUB
082 ## - DEWEY DECIMAL CLASSIFICATION NUMBER
Classification number 515.9
Edition number 9th Edition
100 ## - MAIN ENTRY--PERSONAL NAME
Personal name Brown, James Ward
245 ## - TITLE STATEMENT
Title Complex Variables and Applications:
Statement of responsibility, etc James Ward Brown, Ruel V. Churchill
250 ## - EDITION STATEMENT
Edition statement 9th
260 ## - PUBLICATION, DISTRIBUTION, ETC. (IMPRINT)
Place of publication, distribution, etc Chennai
Name of publisher, distributor, etc McGraw Hill Education(india) Private Limited
Date of publication, distribution, etc 2022
270 ## - ADDRESS
Address Anjana Complex No.5 /90 A, Butt Road, St. Thomas Mount
City Chennai
Postal code 600016
300 ## - PHYSICAL DESCRIPTION
Extent 461p.
Dimensions 23cm (pbk)
700 ## - ADDED ENTRY--PERSONAL NAME
Personal name Churchill, Ruel V.
942 ## - ADDED ENTRY ELEMENTS (KOHA)
Institution code [OBSOLETE] dpl
Item type English Books
Source of classification or shelving scheme Dewey Decimal Classification
Classification part 515.9
Call number suffix BRO
Holdings
Withdrawn status Lost status Not for loan Collection code Home library Current library Date acquired Source of acquisition Cost, normal purchase price Full call number Barcode Copy number Cost, replacement price Koha item type
      Non-fiction Mobile Library Mobile Library 24/12/2021 DBAD/PUB 725.00 515.9 BRO EN-114118 1 725.00 English Books

© Delhi Public Library
Hit Counter
free hit counter